Statistics for Saudia Destinations-Riyadh

Click here to take the quiz!

General Stats

  • This quiz has been taken 27 times
  • The average score is 39 of 65

Answer Stats

Country Airport % Correct
Saudi ArabiaJeddah
100%
AustriaVienna
95%
PakistanIslamabad
95%
ItalyRome
95%
JordanAmman
95%
KuwaitKuwait City
95%
LebanonBeirut
95%
MaldivesMale
95%
MoroccoCasablanca
95%
PhilippinesManila
95%
IndonesiaJakarta
95%
SwitzerlandGeneva
95%
TurkeyIstanbul
95%
UAEAbu Dhabi
95%
UAEDubai
95%
UKLondon
95%
USANew York
95%
ItalyMilan
95%
USAWashington
95%
IndiaMumbai
95%
GermanyFrankfurt
95%
EthiopiaAddis-Ababa
95%
EgyptCairo
95%
GermanyMunich
95%
IndiaDelhi
95%
BangladeshDhaka
95%
FranceParis
95%
PakistanKarachi
90%
MalaysiaKuala Lumpur
90%
ChinaGuangzhou
85%
IndiaChennai
85%
IndiaBengaluru
80%
PakistanLahore
80%
EgyptAlexandria
80%
SudanKhartoum
80%
Saudi ArabiaMedina
80%
MauritiusPort Louis
70%
Saudi ArabiaDammam
70%
IndiaHyderabad
70%
PakistanPeshawar
60%
IndiaLucknow
55%
BahrainBahrain
55%
IndiaCochin
40%
EgyptSharm-El-Sheikh
35%
IndiaKozhikode
30%
Saudi ArabiaTaif
25%
Saudi ArabiaAbha
20%
Saudi ArabiaTabuk
20%
Saudi ArabiaJizan
15%
Saudi ArabiaAl Qassim
10%
Saudi ArabiaYanbu
5%
Saudi ArabiaAl Ula
5%
Saudi ArabiaTuraif
5%
Saudi ArabiaWadi Ad Dawasir
5%
Saudi ArabiaWajh
5%
Saudi ArabiaAl Baha
0%
Saudi ArabiaBisha
0%
Saudi ArabiaDawadmi
0%
Saudi ArabiaSharurah
0%
Saudi ArabiaSakaka
0%
Saudi ArabiaRafha
0%
Saudi ArabiaQaisumah
0%
Saudi ArabiaArar
0%
Saudi ArabiaHa'il
0%
Saudi ArabiaGurayat
0%

Score Distribution

Percentile by Number Answered

Percent of People with Each Score

Your Score History

You have not taken this quiz